000 00497cam a2200205ua 4500
001 2599
005 20260515113531.0
008 110912n ii |||gr||||Z||||||asm
040 _cMAIN
082 _a491.451
100 _aGoswami, Upendra Nath,
245 1 1 _aBhasa aru sahitya
_cby Upendra Nath Goswami
250 _a2nd.
260 _aGuahati:
_bNew Book stall.
300 _a209p:
_c23cm.
653 _aLanguage
653 _aAssamese language
653 _aBhasa aru sahitya
942 _cBK
999 _c2450
_d2450